Handbook of Indian sociology / (Record no. 64902)

MARC details
000 -LEADER
fixed length control field 00517nam a22001457a 4500
005 - DATE AND TIME OF LATEST TRANSACTION
control field 20120412113541.0
020 ## - INTERNATIONAL STANDARD BOOK NUMBER
International Standard Book Number 0195668316
Terms of availability 695.00
035 ## - SYSTEM CONTROL NUMBER
System control number B-129757
037 ## - SOURCE OF ACQUISITION
Stock number DPL
Source of stock number/acquisition ENG
245 ## - TITLE STATEMENT
Title Handbook of Indian sociology /
Statement of responsibility, etc edited by Veena Das
260 ## - PUBLICATION, DISTRIBUTION, ETC. (IMPRINT)
Place of publication, distribution, etc New Delhi
Name of publisher, distributor, etc Oxford University Press
Date of publication, distribution, etc 2004
300 ## - PHYSICAL DESCRIPTION
Extent 502p.
Dimensions 26 cms.
942 ## - ADDED ENTRY ELEMENTS (KOHA)
Source of classification or shelving scheme Dewey Decimal Classification
Item type English Books
Classification part 301.0954
Call number suffix HAN
Holdings
Withdrawn status Lost status Not for loan Collection code Home library Current library Date acquired Cost, normal purchase price Full call number Barcode Cost, replacement price Koha item type
      Non-fiction Sarojini Nagar Sarojini Nagar 12/04/2012 695.00 301.0954 HAN B-129757 695.00 English Books

© Delhi Public Library
Hit Counter
free hit counter